Fluids and electrolytes / (Record no. 4019)
[ view plain ]
| 000 -LEADER | |
|---|---|
| fixed length control field | 01611nac a22003131u 4500 |
| 010 ## - LIBRARY OF CONGRESS CONTROL NUMBER | |
| LC control number | 96040891 |
| 020 ## - INTERNATIONAL STANDARD BOOK NUMBER | |
| International Standard Book Number | 0874349028 (alk. paper) |
| 082 00 - DEWEY DECIMAL CLASSIFICATION NUMBER | |
| Classification number | 616.3992 |
| Item number | I582 |
| 090 ## - LOCALLY ASSIGNED LC-TYPE CALL NUMBER (OCLC); LOCAL CALL NUMBER (OCLC) | |
| -- | 4019 |
| -- | 4019 |
| 100 ## - MAIN ENTRY--PERSONAL NAME | |
| Personal name | Innerarity, Sheryl A. |
| 245 10 - TITLE STATEMENT | |
| Title | Fluids and electrolytes / |
| Statement of responsibility, etc | Sheryl A. Innerarity, June L. Stark. |
| 250 ## - EDITION STATEMENT | |
| Edition statement | 3rd ed. |
| 260 ## - PUBLICATION, DISTRIBUTION, ETC. (IMPRINT) | |
| Place of publication, distribution, etc | Springhouse, Pa. : |
| Name of publisher, distributor, etc | Springhouse Corp.,1997 |
| Date of publication, distribution, etc | 1997. |
| 300 ## - PHYSICAL DESCRIPTION | |
| Extent | v., 185 p. : |
| Other physical details | col. ill. ; |
| Dimensions | 23 cm. + |
| Accompanying material | 1 computer disk (3 1/2 in.) |
| 440 #0 - | |
| -- | Springhouse notes |
| 504 ## - BIBLIOGRAPHY, ETC. NOTE | |
| Bibliography, etc | Includes bibliographical references (p. [175]) and index. |
| 538 ## - SYSTEM DETAILS NOTE | |
| System details note | System requirements for accompanying computer disk: 486 IBM-compatible personal computer (386 minimum); Windows 3.1 or greater (Windows 95 compatible); 8MB RAM (4 MB minimum), S-VGA monitor( VGA minimum), 2 MB of available space on hard drive, high-density 3 1/2" floppy drive. |
| 650 #0 - SUBJECT ADDED ENTRY--TOPICAL TERM | |
| Topical term or geographic name as entry element | Water-electrolyte imbalances |
| General subdivision | Outlines, syllabi, etc. |
| 650 #0 - SUBJECT ADDED ENTRY--TOPICAL TERM | |
| Topical term or geographic name as entry element | Water-electrolyte imbalances |
| General subdivision | Nursing |
| -- | Outlines, syllabi, etc. |
| 650 #0 - SUBJECT ADDED ENTRY--TOPICAL TERM | |
| Topical term or geographic name as entry element | Water-electrolyte balance (Physiology) |
| General subdivision | Outlines, syllabi, etc. |
| 650 #0 - SUBJECT ADDED ENTRY--TOPICAL TERM | |
| Topical term or geographic name as entry element | Acid-base imbalances |
| General subdivision | Outlines, syllabi, etc. |
| 650 #0 - SUBJECT ADDED ENTRY--TOPICAL TERM | |
| Topical term or geographic name as entry element | Acid-Base Imbalance |
| General subdivision | nursing |
| -- | outlines. |
| 650 #0 - SUBJECT ADDED ENTRY--TOPICAL TERM | |
| Topical term or geographic name as entry element | Water-Electrolyte Imbalance |
| General subdivision | nursing |
| -- | outlines. |
| 650 #0 - SUBJECT ADDED ENTRY--TOPICAL TERM | |
| Topical term or geographic name as entry element | Water-Electrolyte Balance |
| General subdivision | outlines. |
| 650 #0 - SUBJECT ADDED ENTRY--TOPICAL TERM | |
| Topical term or geographic name as entry element | Acid-Base Equilibrium |
| General subdivision | outlines. |
| 700 1# - ADDED ENTRY--PERSONAL NAME | |
| Personal name | Stark, June L. |
| 942 ## - ADDED ENTRY ELEMENTS (KOHA) | |
| Item type | Book - Borrowing |
| Call number prefix | 616.3992I582 |
| Withdrawn status | Item status | Damaged status | Not for loan | Home library | Current library | Shelving location | Date acquired | Source of acquisition | Total Checkouts | Total Renewals | Full call number | Barcode | Date last seen | Date last borrowed | Koha item type |
|---|---|---|---|---|---|---|---|---|---|---|---|---|---|---|---|
| Central Library | Central Library | First floor | 07/08/2015 | Purchase | 4 | 49 | 616.3992 INN | 000000049 | 15/07/2025 | 25/11/2019 | Book - Borrowing |